000 00369nam a22001457a 4500
008 250602b |||||||| |||| 00| 0 eng d
020 _a9783516566
050 _aHF 5718
_b.M86
100 _aMuo ik
245 _aFundamentals of business communication
260 _alagos
_bimpressed publishers
_c2001
300 _a237
650 _abusiness communication
942 _cBK
999 _c3746
_d3746